Представление документа в формате RUSMARC

Поле Инд. ПП Название Значение
Тип записи a
Библиографический уровень a
001 Контрольный номер 3258dfae9b4843faa2fd6dea4f232605
005 Дата корректировки 20181120134553.4
100 a Данные общей обработки 20180924 ||| 0rusy0189 ca
101 0_ a Язык текста rus
102 a Страна публикации RU
200 1_ f Первые сведения об ответственности Н.В. Самсонов
a Заглавие К вопросу о расширении состава источников гражданского процессуального права
b Общее обозначение материала Текст
210 d Дата издания 2018
461 _0 1 2000
a Арбитражный и гражданский процесс
463 _0 1 2000
a №8
v С. 3-8
1 2101
d 2018
1 0016a2ac82ed1b04df9acac32d8ca2f91ee
606 a Основная рубрика Гражданское процессуальное право
610 0_ a Ключевые слова РГУП
a Ключевые слова ИСТОЧНИКИ ПРАВА
a Ключевые слова ЭЛЕКТРОННЫЙ ДОКУМЕНТ
700 _1 a Фамилия Самсонов
b Имя Н.В.
801 _0 a Страна RU
b Организация РГУП
c Дата составления 20180924
g Правила каталогизации PSBO
801 _1 a Страна RU
b Организация РГУП
c Дата составления 20180924
g Правила каталогизации PSBO
901 t Тип документа b
w Контрольный № источника 6a2ac82ed1b04df9acac32d8ca2f91ee
905 a Дата ввода 20180924